000 00932nam a2200217Ii 4500
003 JO-AjNU
008 230605s9999||||xx |||||||||||||| ||und||
017 _a1996/7864
040 _aJO-AjNU
_bara
_erda
_cJO-AjNU
041 _aara
050 1 4 _aBP136 1996
100 3 _aالسنيد، أبو عبدالله فهد بن عبدالله,
_eauthor
_937458
245 0 0 _aالإعلام في إيضاح ما خفى على الإمام: تعقبيات حديثة على الشيخ محمد ناصر الدين الألباني مع نقولات في الرجال لسماحة المفتي العام الشيخ عبد العزيز بن باز
250 _aط1
264 3 1 _aالقاهرة: مكتبة السنة، 1996
300 _a96ص
336 _atext
_btxt
_2rdacontent
337 _aunmediated
_bn
_2rdamedia
338 _avolume
_bnc
_2rdacarrier
650 4 _aالاسلام - الحديث النبوي الشريف
_937459
999 _aA15653
_c19221
_d19221